| 000 | 00852cam a2200265 i 4500 | ||
|---|---|---|---|
| 001 | 316982 | ||
| 003 | Ke-BoTe | ||
| 005 | 20220428123219.0 | ||
| 008 | 750520s1975 maua b 001 0 eng | ||
| 010 | _a 74020228 | ||
| 020 | _a0316807524 | ||
| 040 |
_aDLC _cDLC _dDLC |
||
| 050 | 0 | 0 |
_aRT97 _b.C65 |
| 082 | 0 | 0 | _a610.73/43 |
| 245 | 0 | 0 |
_aContemporary community nursing / _cedited by Barbara Walton Spradley. |
| 250 | _a1st ed. | ||
| 260 |
_aBoston : _bLittle, Brown, _c[1975] |
||
| 300 |
_axix, 467 p. : _bill. ; _c24 cm. |
||
| 500 | _aRev. ed. published as: Readings in community health nursing. 2nd ed. c1982. | ||
| 504 | _aIncludes bibliographical references and index. | ||
| 650 | 0 |
_aCommunity health nursing. _93369 |
|
| 700 | 1 |
_aSpradley, Barbara Walton. _93466 |
|
| 906 |
_a7 _bcbc _corignew _d2 _eocip _f19 _gy-gencatlg |
||
| 942 |
_2lcc _cBK _n0 |
||
| 999 |
_c1964 _d1964 |
||